| 000 | 01295nam a2200217 a 4500 | ||
|---|---|---|---|
| 008 | 120416s1985 xx |||||||||||||| || u | ||
| 050 | _aTH 425 See | ||
| 100 | _aSeeley, Ivor H | ||
| 245 | 1 | 0 | _aCivil engineering specification. (2nd ed.) |
| 250 | _a2nd ed. | ||
| 260 | _c1985 | ||
| 350 | _a0.00 | ||
| 650 | _aCIVIL ENGINEERING | ||
| 650 | _aENGINEERING | ||
| 995 |
_aTEXTBOOKS (SBE) _D0.00 _e5521 _FCBU-SCHOOL TEXTBOOK COLLECTIONS _H1 _I0.00 _jSCHOOL TEXTBOOK _M6 _UAVAILABLE _WSep 10, 2009 _y5521 _ZSchool Collections |
||
| 995 |
_aBINDERY (DAMAGED) _D0.00 _e711420 _FCBU-MAIN LIBRARY (Kitwe) _H1 _I0.00 _jTH 425 See _M1 _UDAMAGED _y019064 _ZMain Library Open Access Collection |
||
| 995 |
_aTEXTBOOKS (SBE) _D0.00 _e5519 _FCBU-SCHOOL TEXTBOOK COLLECTIONS _H1 _I0.00 _jSCHOOL TEXTBOOK _M4 _UAVAILABLE _WSep 10, 2009 _y5519 _ZSchool Collections |
||
| 995 |
_aTEXTBOOKS (SBE) _D0.00 _e5517 _FCBU-SCHOOL TEXTBOOK COLLECTIONS _H1 _I0.00 _jSCHOOL TEXTBOOK _M2 _UAVAILABLE _WSep 10, 2009 _y5517 _ZSchool Collections |
||
| 995 |
_aTEXTBOOKS (SBE) _D0.00 _e5520 _FCBU-SCHOOL TEXTBOOK COLLECTIONS _H1 _I0.00 _jSCHOOL TEXTBOOK _M5 _UAVAILABLE _WSep 10, 2009 _y5520 _ZSchool Collections |
||
| 995 |
_aTEXTBOOKS (SBE) _D0.00 _e5518 _FCBU-SCHOOL TEXTBOOK COLLECTIONS _H1 _I0.00 _jSCHOOL TEXTBOOK _M3 _UAVAILABLE _WSep 10, 2009 _y5518 _ZSchool Collections |
||
| 999 |
_c79384 _d79384 |
||